Black's law dictionary / (Record no. 7220)
[ view plain ]
| 000 -LEADER | |
|---|---|
| fixed length control field | 01194cam a2200361 i 4500 |
| 001 - CONTROL NUMBER | |
| control field | 18478564 |
| 003 - CONTROL NUMBER IDENTIFIER | |
| control field | OSt. |
| 005 - DATE AND TIME OF LATEST TRANSACTION | |
| control field | 20250730191005.0 |
| 008 - FIXED-LENGTH DATA ELEMENTS--GENERAL INFORMATION | |
| fixed length control field | 150203s2014 mnu bd 000 0 eng |
| 010 ## - LIBRARY OF CONGRESS CONTROL NUMBER | |
| LC control number | 2015372206 |
| 020 ## - INTERNATIONAL STANDARD BOOK NUMBER | |
| International Standard Book Number | 9780314621306 (deluxe) |
| 020 ## - INTERNATIONAL STANDARD BOOK NUMBER | |
| International Standard Book Number | 9780314613004 |
| 040 ## - CATALOGING SOURCE | |
| Original cataloging agency | DLC |
| Language of cataloging | eng |
| Description conventions | rda |
| Transcribing agency | DLC |
| 042 ## - AUTHENTICATION CODE | |
| Authentication code | pcc |
| 043 ## - GEOGRAPHIC AREA CODE | |
| Geographic area code | n-us--- |
| 050 00 - LIBRARY OF CONGRESS CALL NUMBER | |
| Classification number | REF KF313 |
| Item number | 2004 |
| 245 00 - TITLE STATEMENT | |
| Title | Black's law dictionary / |
| Statement of responsibility, etc. | Bryan A. Garner, editor in chief. |
| 246 30 - VARYING FORM OF TITLE | |
| Title proper/short title | Law dictionary |
| 250 ## - EDITION STATEMENT | |
| Edition statement | Eighth edition. |
| 264 #1 - PRODUCTION, PUBLICATION, DISTRIBUTION, MANUFACTURE, AND COPYRIGHT NOTICE | |
| Place of production, publication, distribution, manufacture | St. Paul, MN : |
| Name of producer, publisher, distributor, manufacturer | Thomson Reuters, |
| Date of production, publication, distribution, manufacture, or copyright notice | [2004] |
| 300 ## - PHYSICAL DESCRIPTION | |
| Extent | xxxv, 1768 pages ; |
| Dimensions | 26 cm |
| 336 ## - CONTENT TYPE | |
| Content type term | text |
| Content type code | txt |
| Source | rdacontent |
| 337 ## - MEDIA TYPE | |
| Media type term | unmediated |
| Media type code | n |
| Source | rdamedia |
| 338 ## - CARRIER TYPE | |
| Carrier type term | volume |
| Carrier type code | nc |
| Source | rdacarrier |
| 504 ## - BIBLIOGRAPHY, ETC. NOTE | |
| Bibliography, etc. note | Includes bibliographical references (pages 1995-2016). |
| 650 #0 - SUBJECT ADDED ENTRY--TOPICAL TERM | |
| Topical term or geographic name entry element | Law |
| Geographic subdivision | United States |
| Form subdivision | Dictionaries. |
| 650 #0 - SUBJECT ADDED ENTRY--TOPICAL TERM | |
| Topical term or geographic name entry element | Law |
| Form subdivision | Dictionaries. |
| 700 1# - ADDED ENTRY--PERSONAL NAME | |
| Personal name | Garner, Bryan A., |
| Relator term | editor. |
| 700 1# - ADDED ENTRY--PERSONAL NAME | |
| Personal name | Black, Henry Campbell, |
| Dates associated with a name | 1860-1927. |
| Title of a work | Law dictionary. |
| 906 ## - LOCAL DATA ELEMENT F, LDF (RLIN) | |
| a | 7 |
| b | cbc |
| c | origcop |
| d | 2 |
| e | ncip |
| f | 20 |
| g | y-gencatlg |
| 942 ## - ADDED ENTRY ELEMENTS (KOHA) | |
| Source of classification or shelving scheme | Library of Congress Classification |
| Koha item type | Books |
| Suppress in OPAC | No |
| Withdrawn status | Lost status | Source of classification or shelving scheme | Damaged status | Not for loan | Collection | Home library | Current library | Shelving location | Date acquired | Total checkouts | Full call number | Barcode | Date last seen | Copy number | Price effective from | Koha item type |
|---|---|---|---|---|---|---|---|---|---|---|---|---|---|---|---|---|
| Library of Congress Classification | Reference | Law Library (Christ Temple) | Law Library (Christ Temple) | Reference | 07/30/2025 | REF KD313 BLA | LLCT00000946 | 07/30/2025 | 1 | 07/30/2025 | Books | |||||
| Library of Congress Classification | Reference | Law Library (Christ Temple) | Law Library (Christ Temple) | Reference | 07/30/2025 | REF KD313 BLA | LLCT00000947 | 07/30/2025 | 2 | 07/30/2025 | Books |